| 000 | 00832nam a2200241Ia 4500 | ||
|---|---|---|---|
| 003 | OSt | ||
| 005 | 20221005112326.0 | ||
| 006 | a|||||r|||| 00| 0 | ||
| 007 | ta | ||
| 008 | 221004b |||||||| |||| 00| 0 pan d | ||
| 020 |
_a9788178562537 (hbk) _c250 |
||
| 024 | _a106244 | ||
| 037 |
_b7830/V, 31/01/2011, Arsee Publishers _cTextual |
||
| 040 |
_aCRL _cCRL _bpan |
||
| 041 |
_2pan _apan |
||
| 082 | _aQ8441xK66, 153Q0 | ||
| 100 | _aਕੌੜਾ, ਸੇਵਾ ਸਿੰਘ | ||
| 245 | 0 | _aਗੁਰੂ ਗੋਬਿੰਦ ਸਿੰਘ | |
| 260 |
_aਅੰਮ੍ਰਿਤਸਰ _bਵਾਰਿਸ ਾਹ ਭਾਰਤ _c2010 |
||
| 300 |
_a176ਪੰ _ccm. |
||
| 942 |
_hQ8441xK66, 153Q0 _cTEXL _2cc |
||
| 999 |
_c1024559 _d1024559 |
||